Atlas Sexually Transmitted Diseases and AIDS (Record no. 4258)
[ view plain ]
| 000 -LEADER | |
|---|---|
| fixed length control field | 00603nam a22002177a 4500 |
| 003 - CONTROL NUMBER IDENTIFIER | |
| control field | OSt |
| 005 - DATE AND TIME OF LATEST TRANSACTION | |
| control field | 20160601141119.0 |
| 008 - FIXED-LENGTH DATA ELEMENTS--GENERAL INFORMATION | |
| fixed length control field | 160601b xxu||||| |||| 00| 0 eng d |
| 020 ## - INTERNATIONAL STANDARD BOOK NUMBER | |
| International Standard Book Number | 0723432279 |
| 040 ## - CATALOGING SOURCE | |
| Transcribing agency | DNLM |
| 082 ## - DEWEY DECIMAL CLASSIFICATION NUMBER | |
| Classification number | WC17 A65s 2003 |
| 100 ## - MAIN ENTRY--PERSONAL NAME | |
| Personal name | Edited by Morse, Stephen A. [et.....al] |
| 9 (RLIN) | 9179 |
| 245 ## - TITLE STATEMENT | |
| Title | Atlas Sexually Transmitted Diseases and AIDS |
| 250 ## - EDITION STATEMENT | |
| Edition statement | 3rd ed. |
| 260 ## - PUBLICATION, DISTRIBUTION, ETC. (IMPRINT) | |
| Place of publication, distribution, etc. | Edinburgh; Mosby, 2003 |
| 300 ## - PHYSICAL DESCRIPTION | |
| Extent | 408p; col.ill: 31cm |
| 504 ## - BIBLIOGRAPHY, ETC. NOTE | |
| Bibliography, etc | References, & index included |
| 650 ## - SUBJECT ADDED ENTRY--TOPICAL TERM | |
| Topical term or geographic name as entry element | Sexually Transmitted Diseases |
| 9 (RLIN) | 2452 |
| 650 ## - SUBJECT ADDED ENTRY--TOPICAL TERM | |
| Topical term or geographic name as entry element | AIDS |
| 9 (RLIN) | 2450 |
| 942 ## - ADDED ENTRY ELEMENTS (KOHA) | |
| Source of classification or shelving scheme | Other/Generic Classification Scheme |
| Koha item type | Open Shelf |
| Withdrawn status | Lost status | Source of classification or shelving scheme | Damaged status | Not for loan | Home library | Current library | Date acquired | Source of acquisition | Inventory number | Total Checkouts | Full call number | Barcode | Date last seen | Koha item type |
|---|---|---|---|---|---|---|---|---|---|---|---|---|---|---|
| Other/Generic Classification Scheme | MUST Main Library | MUST Main Library | 01/06/2016 | 05/24028 | WC17 A65s 2003 | 2016-2286 | 01/06/2016 | Open Shelf |
